[Event "Scarborough CC Fall Swiss"]
[Site "Toronto"]
[Date "2008.11.06"]
[Round "2"]
[White "Villalobos, Oscar"]
[Black "Bellomo, Joe"]
[Result "1-0"]
[WhiteElo "2044"]
[BlackElo "1774"]
[PlyCount "67"]
[EventDate "2008.10.30"]
[EventType "swiss"]
[EventRounds "8"]
[EventCountry "CAN"]
[SourceTitle "EXT 2011"]
[Source "ChessBase"]
[SourceDate "2010.11.26"]
[SourceVersion "1"]
[SourceVersionDate "2010.11.26"]
[SourceQuality "1"]

1. d4 Nf6 2. Nf3 e6 3. Nbd2 d5 4. e3 c5 5. c3 c4 6. Qc2 Nc6 7. e4 b5 8. Be2 Be7 9. 0-0 0-0 10. e5 Nd7 11. Ne1 Qb6 12. Ndf3 f5 13. Bg5 Qd8 14. Qd2 Bxg5 15. Nxg5 Qe7 16. f4 h6 17. Nh3 g6 18. Kh1 Rf7 19. Rg1 Rg7 20. Nc2 Nf8 21. g4 Nd8 22. Rg3 Bb7 23. Rag1 Nf7 24. Ne3 Nh8 25. gxf5 exf5 26. Nxf5 gxf5 27. Rxg7+ Qxg7 28. Rxg7+ Kxg7 29. Qe3 Nfg6 30. Bf3 Re8 31. Kg2 Nf7 32. Kg3 Nd6 33. exd6 Rxe3 34. d7 1-0

[Event "Quebec op U2400"]
[Site "Montreal"]
[Date "2008.07.22"]
[Round "4"]
[White "Le Duin, Thierry"]
[Black "Villalobos, Oscar"]
[Result "0-1"]
[WhiteElo "2096"]
[BlackElo "2028"]
[PlyCount "82"]
[EventDate "2008.07.19"]
[EventType "swiss"]
[EventRounds "9"]
[EventCountry "CAN"]
[SourceTitle "EXT 2011"]
[Source "ChessBase"]
[SourceDate "2010.11.26"]
[SourceVersion "1"]
[SourceVersionDate "2010.11.26"]
[SourceQuality "1"]

1. d4 Nf6 2. Nf3 g6 3. Bg5 Bg7 4. e3 d6 5. Bc4 c5 6. c3 Qb6 7. Qb3 0-0 8. Nbd2 Nc6 9. 0-0 Bg4 10. h3 Bxf3 11. Nxf3 Qc7 12. Bd3 Na5 13. Qc2 c4 14. Be2 b5 15. Nd2 e5 16. Bf3 Rac8 17. a4 Rb8 18. Rfb1 b4 19. Qd1 Nd7 20. Bd5 Nb6 21. Bf3 b3 22. Qf1 Rbc8 23. Ra3 f5 24. Bh4 e4 25. Be2 Qd7 26. Bg3 Rf7 27. Qc1 Bf8 28. Rba1 d5 29. f3 Bxa3 30. Rxa3 a6 31. fxe4 dxe4 32. Bf4 Nd5 33. Qf1 Nb6 34. Kh1 Qd5 35. Kg1 Rf6 36. Be5 Rfc6 37. Qf4 Nd7 38. Kf2 Nxe5 39. Qxe5 Qxe5 40. dxe5 Kf7 41. Ra1 Ke6 0-1

[Event "Scarborough CC-ch reserves"]
[Site "Toronto"]
[Date "2008.02.21"]
[Round "8"]
[White "Villalobos, Oscar"]
[Black "Wu, Aaron"]
[Result "1-0"]
[WhiteElo "1934"]
[BlackElo "1724"]
[PlyCount "81"]
[EventDate "2008.01.03"]
[EventType "swiss"]
[EventRounds "10"]
[EventCountry "CAN"]
[SourceTitle "EXT 2011"]
[Source "ChessBase"]
[SourceDate "2010.11.26"]
[SourceVersion "1"]
[SourceVersionDate "2010.11.26"]
[SourceQuality "1"]

1. d4 Nf6 2. Nf3 g6 3. Nc3 Bg7 4. e4 d6 5. Bf4 Nbd7 6. Qd2 c5 7. Bh6 Bxh6 8. Qxh6 cxd4 9. Nxd4 Ne5 10. f3 Qb6 11. 0-0-0 Bd7 12. h4 Rg8 13. g4 Bxg4 14. fxg4 Nexg4 15. Qd2 0-0-0 16. Bh3 h5 17. Rhf1 Kb8 18. Bxg4 hxg4 19. Nd5 Nxd5 20. exd5 f5 21. Qg5 Qa5 22. Kb1 Qxd5 23. Nxf5 gxf5 24. Rxd5 Rxg5 25. hxg5 e6 26. Rd2 Kc7 27. Rh2 Rg8 28. Rh7+ Kc6 29. Rh6 Kd5 30. Rd1+ Ke5 31. Re1+ Kf4 32. Rhxe6 Rxg5 33. Rf1+ Kg3 34. Re3+ Kg2 35. Rd1 Kf2 36. Red3 g3 37. R1d2+ Kg1 38. Kc1 g2 39. Rh3 Kf1 40. Kd1 Kg1 41. Ke2 1-0

[Event "Scarborough CC-ch reserves"]
[Site "Toronto"]
[Date "2008.01.31"]
[Round "5"]
[White "Bellomo, Joe"]
[Black "Villalobos, Oscar"]
[Result "0-1"]
[WhiteElo "1723"]
[BlackElo "1934"]
[PlyCount "115"]
[EventDate "2008.01.03"]
[EventType "swiss"]
[EventRounds "10"]
[EventCountry "CAN"]
[SourceTitle "EXT 2011"]
[Source "ChessBase"]
[SourceDate "2010.11.26"]
[SourceVersion "1"]
[SourceVersionDate "2010.11.26"]
[SourceQuality "1"]

1. e4 c5 2. Nc3 d6 3. Nf3 Nf6 4. Bc4 e6 5. d3 a6 6. a3 Nc6 7. 0-0 Be7 8. Ba2 b5 9. Re1 0-0 10. e5 dxe5 11. Nxe5 Bb7 12. Ng4 Nd4 13. Nxf6+ Bxf6 14. Ne4 Be7 15. c3 Nf5 16. Bf4 Qd7 17. Qe2 Nh4 18. Bg3 Nxg2 19. Kxg2 f5 20. Rad1 fxe4 21. dxe4 Qc6 22. Qg4 Rf6 23. Kg1 c4 24. Bb1 Bc5 25. Re2 Raf8 26. Red2 Qb6 27. Qh4 Qc6 28. Qg4 e5 29. Qd7 Qb6 30. Bxe5 R6f7 31. Qg4 Bc8 32. Qg3 Re8 33. Bd4 Bxd4 34. Rxd4 Qh6 35. Qe3 Qh5 36. R4d2 Rf3 37. Qe1 Rh3 38. Rd5 Qg4+ 39. Kh1 Qf3+ 40. Kg1 Rh4 41. Rg5 Qh3 42. Rg2 Bg4 43. Qe3 Bf3 44. Rxg7+ Kxg7 45. Qg5+ Kf7 46. Qd5+ Re6 47. Qd7+ Kg6 48. e5+ Kh5 49. Qxh7+ Kg5 50. Qg7+ Kh5 51. Qh7+ Kg5 52. Qg7+ Kh5 53. Qh7+ Kg5 54. Qg7+ Kh5 55. Qh7+ Kg5 56. Qg7+ Kh5 57. Qh7+ Kg5 58. Qg7+ 0-1

[Event "Scarborough CC Fall Swiss"]
[Site "Toronto"]
[Date "2007.11.08"]
[Round "2"]
[White "Lamb, Bryan"]
[Black "Villalobos, Oscar"]
[Result "1/2-1/2"]
[WhiteElo "2229"]
[BlackElo "1862"]
[PlyCount "117"]
[EventDate "2007.11.01"]
[EventType "swiss"]
[EventRounds "7"]
[EventCountry "CAN"]
[SourceTitle "EXT 2022"]
[Source "ChessBase"]
[SourceDate "2021.10.06"]
[SourceVersion "1"]
[SourceVersionDate "2021.10.06"]
[SourceQuality "1"]

1. c4 c5 2. Nf3 Nc6 3. Nc3 g6 4. d4 cxd4 5. Nxd4 Bg7 6. Nc2 e5 7. g3 Nge7 8. Bg2 0-0 9. Bg5 h6 10. Be3 a6 11. Qd2 Nf5 12. Bc5 d6 13. Ba3 Be6 14. b3 Qd7 15. Rd1 Rfd8 16. 0-0 Rab8 17. Ne4 b5 18. Bxd6 Nxd6 19. Qxd6 Nd4 20. Nxd4 Qxd6 21. Nxd6 exd4 22. c5 Rd7 23. Rfe1 Be5 24. e3 Bxd6 25. cxd6 Rxd6 26. Rxd4 Rxd4 27. exd4 Rd8 28. d5 Bf5 29. f4 Kf8 30. Kf2 Rc8 31. Be4 Bg4 32. Re3 Rc1 33. b4 Rc4 34. a3 Rc1 35. Rd3 Rc2+ 36. Ke3 Ke7 37. d6+ Kd7 38. a4 bxa4 39. Bb7 Re2+ 40. Kd4 Kxd6 41. Bxa6 Rxh2 42. Kc4+ Kc7 43. Rc3 Kb6 44. b5 Rd2 45. Kb4 Rd4+ 46. Ka3 Bd7 47. Re3 Bxb5 48. Bxb5 Kxb5 49. Re5+ Kc6 50. Re7 Rd3+ 51. Kxa4 Rxg3 52. Rxf7 Kd6 53. Kb4 Ke6 54. Rf8 h5 55. Kc5 h4 56. Kd4 Ke7 57. Rh8 Kf6 58. Ke4 Ra3 59. Rxh4 1/2-1/2

[Event "Guelph Fall 50 50 Pro-Am U2100"]
[Site "Guelph"]
[Date "2007.11.03"]
[Round "2"]
[White "Gladstone, Simon"]
[Black "Villalobos, Oscar"]
[Result "0-1"]
[WhiteElo "1835"]
[BlackElo "1760"]
[PlyCount "136"]
[EventDate "2007.11.03"]
[EventType "swiss"]
[EventRounds "5"]
[EventCountry "CAN"]
[SourceTitle "EXT 2022"]
[Source "ChessBase"]
[SourceDate "2021.10.06"]
[SourceVersion "1"]
[SourceVersionDate "2021.10.06"]
[SourceQuality "1"]

1. e4 c5 2. Nf3 d6 3. d4 cxd4 4. Qxd4 a6 5. Bg5 Nc6 6. Qd2 Qb6 7. Nc3 Be6 8. 0-0-0 g6 9. Be3 Qa5 10. Kb1 Bg7 11. Nd5 Qxd2 12. Rxd2 Rc8 13. Nb6 Rc7 14. Bc4 Bxc4 15. Nxc4 b5 16. Nb6 Na5 17. Rhd1 Nf6 18. e5 Ne4 19. Rd4 f5 20. exf6 Nxf6 21. Ng5 Rb7 22. R4d3 Ng4 23. Nd5 Nc4 24. Bd4 e5 25. f3 exd4 26. fxg4 Kd7 27. Rf1 h6 28. Rf7+ Kc8 29. Ne7+ Rxe7 30. Rxe7 Bf6 31. Nf7 Rf8 32. Ra7 Kb8 33. Rd7 Kc8 34. Ra7 Kb8 35. Rd7 Kc8 36. Rxd6 Nxd6 37. Nxd6+ Kc7 38. Ne4 Re8 39. Nf2 Re2 40. Nd1 Rxg2 41. h3 Kc6 42. Rf3 Bg5 43. c3 Rd2 44. Nf2 Bh4 45. Ne4 Re2 46. Ng3 Re3 47. Rxe3 dxe3 48. Ne2 Kd5 49. Kc2 Ke4 50. b3 h5 51. gxh5 gxh5 52. c4 bxc4 53. bxc4 Be7 54. a4 h4 55. Nc3+ Kf3 56. Kd3 Bc5 57. Ne2 Kg2 58. Nf4+ Kg3 59. Nd5 Kf3 60. Nc3 a5 61. Ne2 Kg2 62. Nf4+ Kg3 63. Nd5 Kxh3 64. Nxe3 Kh2 65. Ng4+ Kg3 66. Nf6 h3 67. Ne4+ Kg2 68. Nc3 h2 0-1

[Event "Toronto Bayview Games Club #108"]
[Site "Toronto"]
[Date "2007.10.15"]
[Round "4"]
[White "Armstrong, Robert J"]
[Black "Villalobos, Oscar"]
[Result "1/2-1/2"]
[WhiteElo "1771"]
[BlackElo "1760"]
[PlyCount "79"]
[EventDate "2007.09.17"]
[EventType "tourn"]
[EventRounds "5"]
[EventCountry "CAN"]
[SourceTitle "EXT 2022"]
[Source "ChessBase"]
[SourceDate "2021.10.06"]
[SourceVersion "1"]
[SourceVersionDate "2021.10.06"]
[SourceQuality "1"]

1. d4 Nf6 2. c4 g6 3. Nc3 Bg7 4. e4 d6 5. f3 0-0 6. Be3 c5 7. dxc5 dxc5 8. Qxd8 Rxd8 9. Bxc5 Nc6 10. Nd5 Nd7 11. Nxe7+ Nxe7 12. Bxe7 Bxb2 13. Bxd8 Bxa1 14. Bc7 Ne5 15. f4 Nc6 16. Bd6 Be6 17. a4 Rd8 18. c5 Bb3 19. Bb5 Na5 20. Ke2 a6 21. Bd3 Bc3 22. Nf3 Bxa4 23. Rc1 Bb4 24. Ra1 b5 25. cxb6 Rxd6 26. Rxa4 Rxb6 27. Bxa6 Nb3 28. Bc4 Nc5 29. Ra7 Nxe4 30. Rxf7 Nd6 31. Rc7+ Nxc4 32. Rxc4 Bd6 33. h3 Rb2+ 34. Nd2 Kf7 35. g4 Ra2 36. Rd4 Ke6 37. f5+ gxf5 38. gxf5+ Ke5 39. Rd3 Bb4 40. Ke3 1/2-1/2

[Event "Toronto Howard Ridout Swiss"]
[Site "Toronto"]
[Date "2007.10.11"]
[Round "5"]
[White "Villalobos, Oscar"]
[Black "Douglas, Richard"]
[Result "1-0"]
[WhiteElo "1760"]
[BlackElo "1734"]
[PlyCount "59"]
[EventDate "2007.09.13"]
[EventType "swiss"]
[EventRounds "7"]
[EventCountry "CAN"]
[SourceTitle "EXT 2022"]
[Source "ChessBase"]
[SourceDate "2021.10.06"]
[SourceVersion "1"]
[SourceVersionDate "2021.10.06"]
[SourceQuality "1"]

1. e4 Nf6 2. e5 Nd5 3. d4 d6 4. exd6 exd6 5. c4 Nb6 6. Nc3 Nc6 7. Be3 Be7 8. Bd3 0-0 9. b3 Re8 10. Nge2 Bg4 11. 0-0 Bf6 12. Qb1 g6 13. Be4 Bxe2 14. Nxe2 Qe7 15. Bxc6 bxc6 16. Qd3 Rad8 17. Rae1 c5 18. Ng3 Bxd4 19. Bxd4 Qxe1 20. Rxe1 Rxe1+ 21. Nf1 cxd4 22. Qxd4 Rde8 23. g3 R1e4 24. Qc3 c5 25. Ne3 f5 26. a4 f4 27. Ng4 Re1+ 28. Kg2 R8e7 29. Nh6+ Kf8 30. Qh8# 1-0

[Event "Toronto Bayview Games Club #108"]
[Site "Toronto"]
[Date "2007.10.01"]
[Round "3"]
[White "Kurkowski, Ken"]
[Black "Villalobos, Oscar"]
[Result "0-1"]
[WhiteElo "1793"]
[BlackElo "1790"]
[PlyCount "64"]
[EventDate "2007.09.17"]
[EventType "tourn"]
[EventRounds "5"]
[EventCountry "CAN"]
[SourceTitle "EXT 2022"]
[Source "ChessBase"]
[SourceDate "2021.10.06"]
[SourceVersion "1"]
[SourceVersionDate "2021.10.06"]
[SourceQuality "1"]

1. d4 Nf6 2. c4 g6 3. Nc3 Bg7 4. e4 d6 5. Nf3 Nc6 6. Be2 0-0 7. 0-0 e5 8. d5 Ne7 9. b4 Nd7 10. Ba3 f5 11. c5 Nf6 12. Nd2 Rf7 13. f3 f4 14. Nc4 Bf8 15. cxd6 cxd6 16. b5 Ne8 17. Nxe5 dxe5 18. d6 Nf5 19. exf5 Rxf5 20. Bc4+ Kh8 21. Qd5 Nf6 22. Qd3 Rh5 23. Rad1 Bf5 24. Ne4 g5 25. Bb2 Bxe4 26. fxe4 Ng4 27. Qd5 Bg7 28. h3 Ne3 29. Qe6 Rh6 30. Qe7 Nxc4 31. Bc1 Rxd6 32. Qxd8+ Raxd8 0-1

[Event "Canadian op"]
[Site "Ottawa"]
[Date "2007.07.12"]
[Round "7"]
[White "Villalobos, Oscar"]
[Black "Zlatanov, Petar"]
[Result "0-1"]
[WhiteElo "1650"]
[BlackElo "1504"]
[PlyCount "92"]
[EventDate "2007.07.07"]
[EventType "swiss"]
[EventRounds "10"]
[EventCountry "CAN"]
[SourceTitle "EXT 2022"]
[Source "ChessBase"]
[SourceDate "2021.10.06"]
[SourceVersion "1"]
[SourceVersionDate "2021.10.06"]
[SourceQuality "1"]

1. e4 c5 2. d3 Nc6 3. g3 e6 4. Bg2 g6 5. f4 Bg7 6. Nf3 Nge7 7. c3 0-0 8. Be3 b6 9. 0-0 Ba6 10. Re1 d5 11. e5 Rc8 12. a4 c4 13. d4 Na5 14. Nbd2 Qd7 15. h4 b5 16. h5 Rb8 17. Nh2 b4 18. hxg6 fxg6 19. Bh3 Rb6 20. Ng4 Bc8 21. Qc2 Qb7 22. Reb1 Nb3 23. Nxb3 cxb3 24. Qxb3 bxc3 25. Qxc3 Rb3 26. Qd2 Nf5 27. Nf6+ Bxf6 28. Bxf5 exf5 29. exf6 Rxf6 30. Rc1 Bd7 31. Ra2 Rfb6 32. Rc2 R6b4 33. a5 Qb5 34. Qf2 Rc4 35. Re2 Rd3 36. Kg2 Ra4 37. Rxa4 Qxa4 38. Bd2 Rxd4 39. Bc3 Re4 40. Rd2 Bc6 41. Rd4 Qb5 42. Rxe4 dxe4 43. Kg1 Qd3 44. Bd4 Qd1+ 45. Kh2 e3 46. Qg1 Qh5# 0-1

[Event "Toronto Bayview Games Club #105"]
[Site "Toronto"]
[Date "2007.06.18"]
[Round "4"]
[White "Verde, Pino"]
[Black "Villalobos, Oscar"]
[Result "0-1"]
[WhiteElo "1762"]
[BlackElo "1643"]
[PlyCount "27"]
[EventDate "2007.05.28"]
[EventType "tourn"]
[EventRounds "9"]
[EventCountry "CAN"]
[SourceTitle "EXT 2022"]
[Source "ChessBase"]
[SourceDate "2021.10.06"]
[SourceVersion "1"]
[SourceVersionDate "2021.10.06"]
[SourceQuality "1"]

1. e4 d5 2. e5 Nc6 3. c3 g6 4. d4 Bg7 5. Nf3 Bg4 6. Be3 e6 7. h3 Bxf3 8. Qxf3 a6 9. g4 b5 10. Rh2 Rc8 11. a3 f6 12. Qg3 fxe5 13. Be2 Qf6 14. g5 0-1

[Event "Scarborough CC Early Summer Swiss"]
[Site "Toronto"]
[Date "2007.06.14"]
[Round "6"]
[White "Sherman, Joshua"]
[Black "Villalobos, Oscar"]
[Result "1-0"]
[WhiteElo "1735"]
[BlackElo "1627"]
[PlyCount "59"]
[EventDate "2007.05.10"]
[EventType "swiss"]
[EventRounds "8"]
[EventCountry "CAN"]
[SourceTitle "EXT 2022"]
[Source "ChessBase"]
[SourceDate "2021.10.06"]
[SourceVersion "1"]
[SourceVersionDate "2021.10.06"]
[SourceQuality "1"]

1. e4 c5 2. a3 d6 3. b4 Nf6 4. Nc3 Nbd7 5. f4 b6 6. Bc4 Bb7 7. d3 e6 8. Qe2 Be7 9. Nf3 a6 10. 0-0 b5 11. Ba2 Qc7 12. Bb2 0-0 13. Ng5 cxb4 14. axb4 e5 15. f5 d5 16. exd5 Bxb4 17. Nce4 Bxd5 18. Nxf6+ Nxf6 19. Bxd5 Nxd5 20. f6 Nxf6 21. Rxf6 gxf6 22. Nxh7 Rfc8 23. Nxf6+ Kf8 24. Bxe5 Qxc2 25. Qg4 Qd2 26. Nd7+ Ke8 27. Nf6+ Kf8 28. Bf4 Qc3 29. Bh6+ Ke7 30. Nd5+ 1-0

[Event "Scarborough CC Early Summer Swiss"]
[Site "Toronto"]
[Date "2007.06.07"]
[Round "5"]
[White "Villalobos, Oscar"]
[Black "Paterson, Jim"]
[Result "1/2-1/2"]
[WhiteElo "1627"]
[BlackElo "1911"]
[PlyCount "91"]
[EventDate "2007.05.10"]
[EventType "swiss"]
[EventRounds "8"]
[EventCountry "CAN"]
[SourceTitle "EXT 2022"]
[Source "ChessBase"]
[SourceDate "2021.10.06"]
[SourceVersion "1"]
[SourceVersionDate "2021.10.06"]
[SourceQuality "1"]

1. e4 Nf6 2. d3 e5 3. Nc3 c6 4. Nf3 d6 5. g3 Be7 6. Bg2 Nbd7 7. 0-0 0-0 8. Nh4 Nc5 9. Nf5 Ne6 10. f4 Re8 11. Nxe7+ Qxe7 12. f5 Nf8 13. g4 h6 14. h4 N6h7 15. Qe1 Qf6 16. Qg3 g5 17. hxg5 Nxg5 18. Be3 Bd7 19. Bf3 Nfh7 20. Kg2 Nxf3 21. Qxf3 Ng5 22. Qf2 Kg7 23. Rh1 Rh8 24. Rh5 Qe7 25. Rah1 f6 26. Qh4 Rag8 27. Rxh6 Rxh6 28. Qxh6+ Kf7 29. Bxg5 Rxg5 30. Qh8 Rxg4+ 31. Kf3 Rg8 32. Qh6 a6 33. Ne2 Qf8 34. Qxf8+ Rxf8 35. Rh6 d5 36. Ng3 Be8 37. Rh7+ Kg8 38. Rxb7 dxe4+ 39. Nxe4 Bh5+ 40. Ke3 Bg4 41. Nd6 Rd8 42. Nf7 Rd4 43. Nh6+ Kh8 44. Rf7 Bd1 45. Kd2 Bf3 46. Rxf6 1/2-1/2

[Event "Toronto Bayview Games Club #104"]
[Site "Toronto"]
[Date "2007.04.30"]
[Round "4"]
[White "Villalobos, Oscar"]
[Black "Palozzi, Sam"]
[Result "1-0"]
[WhiteElo "1528"]
[BlackElo "1528"]
[PlyCount "57"]
[EventDate "2007.04.09"]
[EventType "tourn"]
[EventRounds "9"]
[EventCountry "CAN"]
[SourceTitle "EXT 2022"]
[Source "ChessBase"]
[SourceDate "2021.10.06"]
[SourceVersion "1"]
[SourceVersionDate "2021.10.06"]
[SourceQuality "1"]

1. e4 Nf6 2. d3 d5 3. e5 Nfd7 4. Nf3 e6 5. g3 c5 6. Bg2 Nc6 7. Qe2 Qc7 8. Bf4 g6 9. 0-0 Bg7 10. Re1 0-0 11. Nbd2 b6 12. h4 h5 13. Nf1 Bb7 14. N1h2 d4 15. g4 Ne7 16. gxh5 gxh5 17. Ng5 Bxg2 18. Qxh5 Rfe8 19. Qxf7+ Kh8 20. Nxe6 Rg8 21. Nxc7 Bd5 22. Qh5+ Bh6+ 23. Qg5 Bxg5 24. Bxg5 Raf8 25. Kf1 Rf7 26. Nxd5 Nxd5 27. e6 Ne3+ 28. Bxe3 dxe3 29. exf7 1-0